|
|
|
|
| LEADER |
00000cam a22000004a 4500 |
| 001 |
musev2_63776 |
| 003 |
MdBmJHUP |
| 005 |
20230905050550.0 |
| 006 |
m o d |
| 007 |
cr||||||||nn|n |
| 008 |
180119s2018 wau o 00 0 eng d |
| 020 |
|
|
|a 9780295743349
|
| 020 |
|
|
|z 9780295743332
|
| 035 |
|
|
|a (OCoLC)1085227596
|
| 040 |
|
|
|a MdBmJHUP
|c MdBmJHUP
|
| 100 |
1 |
|
|a Quinn, Thomas P.
|q (Thomas Peter),
|e author.
|
| 245 |
1 |
4 |
|a The Behavior and Ecology of Pacific Salmon and Trout /
|c Thomas P. Quinn.
|
| 250 |
|
|
|a Second edition.
|
| 264 |
|
1 |
|a Bethesda, Maryland :
|b in association with American Fisheries Society,
|c [2018]
|
| 264 |
|
3 |
|a Baltimore, Md. :
|b Project MUSE,
|c 2019
|
| 264 |
|
4 |
|c ©[2018]
|
| 300 |
|
|
|a 1 online resource (562 pages):
|b illustrations (some color), maps (some color)
|
| 336 |
|
|
|a text
|b txt
|2 rdacontent
|
| 337 |
|
|
|a computer
|b c
|2 rdamedia
|
| 338 |
|
|
|a online resource
|b cr
|2 rdacarrier
|
| 588 |
|
|
|a Description based on print version record.
|
| 650 |
|
7 |
|a Oncorhynchus
|x Behavior.
|2 fast
|0 (OCoLC)fst01751890
|
| 650 |
|
6 |
|a Oncorhynchus
|x Moeurs et comportement.
|
| 650 |
|
6 |
|a Oncorhynchus
|x Écologie.
|
| 650 |
|
0 |
|a Oncorhynchus
|x Behavior.
|
| 650 |
|
0 |
|a Oncorhynchus
|x Ecology.
|
| 655 |
|
7 |
|a Electronic books.
|2 local
|
| 710 |
2 |
|
|a Project Muse.
|e distributor
|
| 830 |
|
0 |
|a Book collections on Project MUSE.
|
| 856 |
4 |
0 |
|z Texto completo
|u https://projectmuse.uam.elogim.com/book/63776/
|
| 945 |
|
|
|a Project MUSE - Custom Collection
|
| 945 |
|
|
|a Project MUSE - 2019 Complete
|
| 945 |
|
|
|a Project MUSE - 2019 Ecology and Evolution
|